LEADER 01086nam0 22002771i 450 001 UON00186892 005 20231205103157.314 010 $a03-335-3888-9 100 $a20030730d1991 |0itac50 ba 101 $aeng 102 $aGB 105 $a|||| ||||| 200 1 $aˆThe ‰ future of the multinational enterprise$fPeter J. Buckley$gMark Casson 210 $aSecond ed 215 $aHoundmills$cMacMillan, 1991. XIX, 116 p.$d22 cm. 606 $aMULTINAZIONALI$xAspetti finanziari$3UONC037526$2FI 620 $aGB$dHoundmills, Basingstoke$3UONL000108 700 1$aBUCKLEY$bPeter Jennings$3UONV108225$0370142 701 1$aCASSON$bMark$3UONV108724$088849 712 $aMacmillan & Co.$3UONV247335$4650 801 $aIT$bSOL$c20240220$gRICA 899 $aSIBA - SISTEMA BIBLIOTECARIO DI ATENEO$2UONSI 912 $aUON00186892 950 $aSIBA - SISTEMA BIBLIOTECARIO DI ATENEO$dSI V ECON O 0170 $eSI SC 27386 5 0170 996 $aFuture of the multinational enterprise$9431132 997 $aUNIOR